00298 a2200133 450000100060000002000150000604000240002110000310004524000270007624500220010330000060012536200090013165000240014044259 a8560129014 cAnchieta - Aquarius aBrandão, Pedro Del Monte10aO cãozinho bugslpor10aO cãozinho bugs a 0 a2006 4aLiteratura infantil